| 000 | 00490nam a2200157 i 4500 | ||
|---|---|---|---|
| 001 | 79655 | ||
| 003 | ES-MaACL | ||
| 005 | 20230906174026.0 | ||
| 007 | t| | ||
| 008 | 041022s1969 sp ||||1| spa d | ||
| 100 | 1 |
_aHerrera García, Antonio. _963220 |
|
| 245 | 1 | 0 |
_aHemeroteca conquense / _cpor Antonio Herrera García. |
| 260 |
_aCuenca : _bInstituto Nacional de Enseñanza Media "Lorenzo Hervás y Panduro", _c1969. |
||
| 300 |
_a92 p. ; _c21 cm. |
||
| 852 |
_aES-MaACL _jC-37157 _bR.69885 |
||
| 999 |
_c79655 _d79655 |
||